Tela de juicio : debates en torno a las prácticas sociales genocidas /
Guardado en:
| Otros Autores: | |
|---|---|
| Formato: | Libro |
| Publicado: |
Buenos Aires :
La Minga,
2015
|
| Materias: | |
| Etiquetas: |
Agregar Etiqueta
Sin Etiquetas, Sea el primero en etiquetar este registro!
|
| LEADER | 00667nam a22001695a 4500 | ||
|---|---|---|---|
| 001 | EHU.bham044474 | ||
| 008 | 130507s2015##################000#0#####d | ||
| 005 | 20240325100548.0 | ||
| 245 | 0 | 0 | |a Tela de juicio : |b debates en torno a las prácticas sociales genocidas / |c EASQ (Equipo de Asistencia Sociológica a las Querellas) ; dir. por Daniel Feierstein. |
| 260 | |a Buenos Aires : |b La Minga, |c 2015 | ||
| 300 | |a 122 p. | ||
| 700 | 1 | |a Feierstein, Daniel, dir. | |
| 082 | 3 | 0 | |a 304.663 |
| 653 | |a Genocidio-estudio sobre | ||
| 653 | |a Prácticas sociales genocidas | ||
| 653 | |a Dictadura militar argentina-juicios | ||
| 859 | |a AR-BHAM |b BIB. HUMANIDADES - General |h 304.663 |i T235 |p 714.16 |t Ej.1 | ||
